Capitales mondiales les plus proches de Varsovie - une minute sprint - Statistiques

Statistiques générales
  • Ce quiz a été pris 50 fois
  • Le résultat moyen est 13 sur 20
Statistiques - réponses
km capitale % Correct
518 Berlin
95%
517 Prague
89%
561 Riga
89%
546 Budapest
86%
534 Bratislava
84%
476 Minsk
82%
835 Tallinn
82%
393 Vilnius
82%
691 Kiev
77%
916 Helsinki
68%
673 Copenhague
66%
1064 Oslo
66%
812 Stockholm
66%
556 Vienne
64%
948 Bucarest
59%
834 Ljubljana
48%
814 Chișinău
34%
803 Zagreb
32%
830 Belgrade
25%
952 Sarajevo
16%
Aucun quiz correspondant
Distribution des résultats
% des personnes avec chaque résultat
Percentile par nombre de réponses
Votre historique - résultats
Vous n’avez pas pris ce quiz